| 000 | 00540nam a2200181 a 4500 | ||
|---|---|---|---|
| 001 | 000002038 | ||
| 005 | 20240530073910.0 | ||
| 008 | 090630s200u dr 000 0 spa d | ||
| 040 |
_aDO-SdBNP _bspa _cBNPHU |
||
| 082 |
_aRD863.5 _bV161s |
||
| 100 | 1 |
_aValenzuela, Carl _96576 |
|
| 245 | 1 | 0 |
_aSangrienta venganza / _cCarl Valenzuela. |
| 260 |
_a[Santo Domingo] : _bLogos, _c[200-?]. |
||
| 300 |
_a148 p. ; _c21 cm. |
||
| 650 | 0 |
_aNovela dominicana _9223 |
|
| 650 | 0 |
_aLiteratura dominicana. _967 |
|
| 910 | _aValidado. Control de calidad MMOLINA | ||
| 999 |
_c1903 _d1903 |
||